| 000 | 00745nam a2200229 a 4500 | ||
|---|---|---|---|
| 001 | 64695 | ||
| 003 | BD-RjUL | ||
| 005 | 20211209081333.0 | ||
| 008 | 170219s1977 bg ||||| |||| 00| p ben d | ||
| 020 | _c: Tk. 8.00 | ||
| 035 | _a(BD-RjUL)64825 | ||
| 040 |
_aBD-RjUL _beng _cBD-RjUL |
||
| 041 | _aben | ||
| 082 |
_223 _a891.441 _bGOA 1977 |
||
| 100 |
_aগুণ, নির্মলেন্দু _9179544 |
||
| 245 | 1 | 0 |
_aআনন্দ কুসুম / _cনির্মলেন্দু গুণ |
| 260 |
_aঢাকা : _bমুক্তধারা, _c[১৯৭৭] |
||
| 300 |
_a৭২ পৃ. ; _c২৩ সেমি. |
||
| 650 |
_aবাংলা কবিতা _9179513 |
||
| 650 |
_aBengali Poetry _9179514 |
||
| 942 |
_2ddc _cBK |
||
| 999 |
_c64695 _d64695 |
||